Participación popular: ciencia misma de la conducta humana /
Sin resumen
שמור ב:
| מחבר ראשי: | |
|---|---|
| פורמט: | Texto |
| נושאים: | |
| תגים: |
הוספת תג
אין תגיות, היה/י הראשונ/ה לתייג את הרשומה!
|
MARC
| LEADER | 00000 a a2200000 04500 | ||
|---|---|---|---|
| 001 | 31 | ||
| 003 | |||
| 040 | |||
| 100 | |a Carazo Odio, Rodrigo | ||
| 245 | |a Participación popular: |b ciencia misma de la conducta humana / |c Rodrigo Carazo Odio | ||
| 520 | |a Sin resumen | ||
| 650 | |a PARTICIPACION DE LOS TRABAJADORES | ||
| 650 | |a PARTIDOS POLITICOS | ||
| 650 | |a DEMOCRACIA | ||
| 773 | |g número 13 -14; páginas 191-196 | ||
| 999 | |c 27010 |d 27010 | ||
| 773 | 0 | |0 18806 |9 2087 |a Universidad Nacional de Costa Rica |d Heredia: C.R.: EUNA |o 02253 |t ABRA |x 14093928 | |
